Social Pollution & Global Poor Governance (Record no. 343747)

000 -LEADER
fixed length control field 00524 a2200169 4500
003 - CONTROL NUMBER IDENTIFIER
control field OSt
005 - DATE AND TIME OF LATEST TRANSACTION
control field 20180116182652.0
008 - FIXED-LENGTH DATA ELEMENTS--GENERAL INFORMATION
fixed length control field 160510b xxu||||| |||| 00| 0 eng d
040 ## - CATALOGING SOURCE
Transcribing agency 0
100 ## - MAIN ENTRY--PERSONAL NAME
Personal name Mirza Arshad Ali.
245 ## - TITLE STATEMENT
Title Social Pollution & Global Poor Governance
Remainder of title Analysis of Psyshe of Governing Hierarchy
Statement of responsibility, etc. Mirza Arshad Ali.
260 ## - PUBLICATION, DISTRIBUTION, ETC.
Place of publication, distribution, etc. Karachi
Name of publisher, distributor, etc. Research & Development Publications
Date of publication, distribution, etc. 1999
300 ## - PHYSICAL DESCRIPTION
Extent 249p
600 ## - SUBJECT ADDED ENTRY--PERSONAL NAME
Personal name Mirza Arshad Ali.
700 ## - ADDED ENTRY--PERSONAL NAME
Personal name Mirza Arshad Ali.
942 ## - ADDED ENTRY ELEMENTS (KOHA)
Institution code [OBSOLETE] NBS
Koha item type Book
Call number prefix 361.25 BEG
Source of classification or shelving scheme
Holdings
Withdrawn status Lost status Damaged status Not for loan Permanent Location Current Location Date acquired Total Checkouts Full call number Barcode Date last seen Date last checked out Price effective from Koha item type
        Central Library (CL) Central Library (CL) 08/28/2013 1 361.25 BEG NBS1987 11/23/2017 08/22/2017 08/28/2013 Book
© 2023 Central Library, National University of Sciences and Technology. All Rights Reserved.